00599cam a2200181 a 4500020001500000082001500015100002300030245002400053250001200077260003100089300001800120650002000138856006500158856005500223942000800278999001500286952011600301 a997151281500a530.12 MER1 aMerzbacher, Eugen.10aQuantum mechanics / a3rd ed. aNew York :bWiley,cc1998. axvi, 656 p. ; 0aQuantum theory.42uhttp://www.loc.gov/catdir/description/wiley037/97020756.html4 uhttp://www.loc.gov/catdir/toc/onix03/97020756.html cREF c1516d1516 0010708NFICaMLCampusbMLCampuscGENd2015-07-08l0o530.12 MERp004700r2015-07-08 00:00:00w2015-07-08yREF